000 00731nam a2200205Ia 4500
005 20250103123325.0
008 008 250103s9999 xx 000 0 hin d
020 _a978-81-8143-603-0
037 _aTB
040 _aCRL
_bhin
_cCRL
041 _ahin
_2hin
084 _aNW44 152P6;R0
_qCRL
100 _aपाण्डे, राजेन्द्र, ले.
245 0 _aपटकथा कैसे लिखें
_cपाण्डे, राजेन्द्र, ले.
260 _aनई दिल्ली, भारत
_bवाणी प्रकाशन
_c2020
300 _a147पृ0
650 _aललित कला
_9156314
942 _cTB
_hNW44 152P6;R0
999 _c1234371
_d1234371